000 00930nas a2200337 4500
001 BR0500954
003 BR-BrBNA
005 20231205105204.0
007 ta
008 230509b bl.|||p| |||| 00| 00por d
040 _aBR-BrBNA
_bpor
_cBiblioteca Nacional de Agricultura
041 _a(Pt)
072 _aF01; F04
100 1 _aMar, G.D. do
100 1 _aMarchetti, M.E.
100 1 _aSouza, L.C.F. de
100 1 _aGonçalves, M.C.
100 1 _aNovelino, J.O.
245 1 _aFertilidade do solo e nutrição de plantas
650 _aZEA MAYS
650 _aMILHO
650 _aADUBAÇÃO
650 _aNITROGÊNIO
650 _aÉPOCA DE SEMEADURA
650 _aGRÃO
650 _aPRODUÇÃO VEGETAL
650 _aFERTILIDADE DO SOLO
773 0 _tBragantia (Brazil)
_xISSN 0006-8705
_g(May-Aug 2003), v. 62(2) p. 267-274
_wBR0500954
909 _a202311
_bLúcia
_c55
_dLúcia Elande
942 _2AGRIS
_n0
_cANA
999 _c181678
_d181678